00551nam a2200169 4500001000700000003000900007005001700016007000300033008004100036100002600077245003000103260004700133300002800180852003200208999001900240952012200259148265ES-MaACL20230906202526.0t|070214s1972 sp r ||||1| spa d1 aStone, Pablo.910830913aLa radio / cPablo Stone. aBarcelona : bRodegar, c[1972] (fBisani) a122 p., 3 h. ; c17 cm. aES-MaACLjC-43905 bR.83039 c148265d148265 00104070aATENEOMbATENEOMcDEPO2d2008-01-17eSCl0oC-43905p1154727r2023-02-23 00:00:00w2023-02-23yMONOGRAFIA